| 000 | 02014nam a2200577 i 4500 | ||
|---|---|---|---|
| 001 | 45750 | ||
| 003 | KOSZ 005 | ||
| 005 | 20200731121008.0 | ||
| 008 | 010215s2001 pl a |000 0 pol | ||
| 015 | _aUWD 2001/4720 | ||
| 020 | _a8372431337 | ||
| 035 | _a991015675659705066 | ||
| 035 | _a(PL-WaBN)b14216759-48omnis_nlop | ||
| 035 | _ab14216759 | ||
| 035 | _a(OCoLC)750119622 | ||
| 035 | _a(PL)b0000001421675 | ||
| 035 | _a(EXLNZ-48OMNIS_NETWORK)9910196303705606 | ||
| 040 |
_aWA N _cWA N _dKOSZ 005/HR |
||
| 041 | 1 |
_apol _heng |
|
| 046 | _k1999 | ||
| 080 | _a615.3 | ||
| 080 | _a613.2 | ||
| 100 | 1 |
_aHobbs, Christopher _eAutor |
|
| 245 | 1 | 0 |
_aWitaminy / _cChristopher Hobbs, Elson Haas ; [tł. Marcin Miłkowski]. |
| 246 | 1 |
_iTyt. oryg.: _aVitamins for dummies, _f1999 |
|
| 260 |
_aWarszawa : _b"RM", _c2001. |
||
| 300 |
_aXVI, 300 s., [2] s. tabl. luz. : _bil. ; _c24 cm. |
||
| 336 |
_aTekst _btxt _2rdacontent |
||
| 337 |
_aBez urządzenia pośredniczącego _bn _2rdamedia |
||
| 338 |
_aWolumin _bnc _2rdacarrier |
||
| 380 | _aKsiążki | ||
| 388 | _a1901-2000 | ||
| 388 | _a2001- | ||
| 490 | 1 | _a... dla Opornych | |
| 500 | _aNa okł. podtyt.: kompletny przewodnik po witaminach, solach mineralnych, enzymach, hormonach, aminokwasach i innych preparatach dietetycznych od A do Z. | ||
| 650 | 7 |
_aDietetyka _2DBN |
|
| 650 | 7 |
_aHormony _2DBN |
|
| 650 | 7 |
_aMikroelementy _2DBN |
|
| 650 | 7 |
_aWitaminy _2DBN |
|
| 650 | 7 |
_aZdrowe odżywianie _2DBN |
|
| 650 | 7 |
_aZiołolecznictwo _2DBN |
|
| 655 | 7 |
_aWydawnictwa popularne _2DBN |
|
| 658 | _aMedycyna i zdrowie | ||
| 700 | 1 |
_aHaas, Elson M. _d(1947- ) _eAutor |
|
| 700 | 1 |
_aMiłkowski, Marcin _d(1976- ) _eTłumaczenie |
|
| 710 | 2 |
_aWydawnictwo RM _4pbl |
|
| 830 | 0 | _a... dla Opornych | |
| 856 |
_uhttp://koha.tu.koszalin.pl/cgi-bin/koha/opac-detail.pl?biblionumber=45750 _yKatalog online BPK |
||
| 942 |
_2UKD _cKS |
||
| 999 |
_c45750 _d45750 |
||